000 00594cam a22002053a 4500
001 40386
003 PGUSA
005 20140828083913.0
008 120801s2012||||xxu|||||s|||||000 | eng d
040 _aPGUSA
_beng
042 _adc
100 1 _aCrawford, F. Marion
_q(Francis Marion),
_d1854-1909
245 1 0 _aWandering Ghosts
_h[electronic resource] /
_cF. Marion Crawford
260 _bProject Gutenberg,
_c2012
506 _aPublic domain in the USA.
516 _aElectronic text
830 0 _aProject Gutenberg
_v40386
856 4 0 _uhttp://www.gutenberg.org/ebooks/40386
942 _cEB
999 _c269639
_d269639